Boat / (Record no. 3527)
[ view plain ]
| 000 -LEADER | |
|---|---|
| fixed length control field | 00889cam a2200277 a 4500 |
| 005 - DATE AND TIME OF LATEST TRANSACTION | |
| control field | 20250624110915.0 |
| 020 ## - INTERNATIONAL STANDARD BOOK NUMBER | |
| International Standard Book Number | 9780756655228 |
| 040 ## - CATALOGING SOURCE | |
| Original cataloging agency | Nz |
| Language of cataloging | eng |
| Transcribing agency | NZPPC |
| Modifying agency | BTCTA |
| -- | B@L |
| -- | DLC |
| 050 00 - LIBRARY OF CONGRESS CALL NUMBER | |
| Classification number | VM150.B594 |
| 082 04 - DEWEY DECIMAL CLASSIFICATION NUMBER | |
| Classification number | 623.8 |
| 100 ## - MAIN ENTRY--PERSONAL NAME | |
| Personal name | Gardner, Charlie |
| 245 00 - TITLE STATEMENT | |
| Title | Boat / |
| Statement of responsibility, etc. | by Charlie Gardner |
| 250 ## - EDITION STATEMENT | |
| Edition statement | First published in the United States in 2009 |
| 260 ## - PUBLICATION, DISTRIBUTION, ETC. | |
| Place of publication, distribution, etc. | New York : |
| Name of publisher, distributor, etc. | DK Publishing , |
| Date of publication, distribution, etc. | 2009 |
| 300 ## - PHYSICAL DESCRIPTION | |
| Extent | 20 unnumbered pages : |
| Other physical details | color illustrations ; |
| Dimensions | 21 cm. |
| 490 ## - SERIES STATEMENT | |
| Series statement | See how they go! |
| 505 ## - FORMATTED CONTENTS NOTE | |
| Formatted contents note | K <br/> |
| 520 ## - SUMMARY, ETC. | |
| Summary, etc. | See How They Go- Boatintroduces kids to all kinds of watercraft, from canoes to cruise ships. |
| 521 ## - TARGET AUDIENCE NOTE | |
| Target audience note | 510 <br/> |
| Source | Lexile <br/> |
| 521 ## - TARGET AUDIENCE NOTE | |
| Target audience note | K <br/> |
| Source | Raz-Plus <br/> |
| 650 #0 - SUBJECT ADDED ENTRY--TOPICAL TERM | |
| Topical term or geographic name entry element | Boats and boating |
| Form subdivision | Juvenile literature |
| 700 1# - ADDED ENTRY--PERSONAL NAME | |
| Personal name | Gardner, Charlie |
| 906 ## - LOCAL DATA ELEMENT F, LDF (RLIN) | |
| a | 7 |
| b | cbc |
| c | copycat |
| d | 3 |
| e | ncip |
| f | 20 |
| g | y-gencatlg |
| 942 ## - ADDED ENTRY ELEMENTS (KOHA) | |
| Source of classification or shelving scheme | Dewey Decimal Classification |
| Koha item type | Books |
| Suppress in OPAC | No |
| 999 ## - | |
| -- | 3527 |
| -- | 3527 |
| Withdrawn status | Lost status | Source of classification or shelving scheme | Damaged status | Not for loan | Collection | Home library | Current library | Shelving location | Date acquired | Total Checkouts | Full call number | Barcode | Date last seen | Copy number | Price effective from | Koha item type |
|---|---|---|---|---|---|---|---|---|---|---|---|---|---|---|---|---|
| Dewey Decimal Classification | Non-Fiction | Footprints International School Library Network Toul Tom Poung Campus | Footprints International School Library Network Toul Tom Poung Campus | TTP Primary Yellow Bookshelves | 03/15/2024 | GAR 623.8 VM150.B594 | FIS03637 | 04/10/2025 | 1 | 03/15/2024 | Books | |||||
| Dewey Decimal Classification | Non-Fiction | Footprints International School Library Network Toul Tom Poung Campus | Footprints International School Library Network Toul Tom Poung Campus | TTP Primary Yellow Bookshelves | 06/24/2025 | GAR 623.8 VM150.B594 | FIS02682 | 06/24/2025 | 2 | 06/24/2025 | Books | |||||
| Dewey Decimal Classification | Non-Fiction | Footprints International School Library Network Toul Tom Poung Campus | Footprints International School Library Network Toul Tom Poung Campus | TTP Primary Yellow Bookshelves | 06/24/2025 | GAR 623.8 VM150.B594 | FISTK02209 | 08/15/2025 | 3 | 06/24/2025 | Books |
